Full House Slot Machine Quiz Stats

 Plays Quiz not verified by Sporcle

Challenge
Share
Tweet
Score 0/8 Timer 10:00
0 Plays Today
% Correct
Stephanie Tanner
82.7%
Michelle Tanner
81.5%
DJ Tanner
80.3%
Kimmy Gibbler
76.1%
Jesse Katsopolis
74%
Becky Katsopolis
66.6%
Joey Gladstone
61.1%
Danny Tanner
55.6%

You're not logged in!

Compare scores with friends on all Sporcle quizzes.
OR
Log In

You Might Also Like...

Show Comments

Extras

Top Quizzes Today


Score Distribution

Your Account Isn't Verified!

In order to create a playlist on Sporcle, you need to verify the email address you used during registration. Go to your Sporcle Settings to finish the process.

Report this User

Report this user for behavior that violates our Community Guidelines.

Details: